Akta Bekalan Elektrik 1990 (Akta 447), Peraturan-Peraturan Elektrik, Akta Bekalan Elektrik (Syarikat Pengganti) 1990 (Akta 448) : (Record no. 4703)

000 -LEADER
fixed length control field nam a22 a 4500
003 - CONTROL NUMBER IDENTIFIER
control field AKMAL
005 - DATE AND TIME OF LATEST TRANSACTION
control field 20170731111116.0
008 - FIXED-LENGTH DATA ELEMENTS--GENERAL INFORMATION
fixed length control field 170731s2017 myw l 00 may d
020 ## - INTERNATIONAL STANDARD BOOK NUMBER
International Standard Book Number 9789677013971
Terms of availability RM17.00
082 04 - DEWEY DECIMAL CLASSIFICATION NUMBER
Classification number 343.5950929 MAL
Edition number 21
090 00 - LOCALLY ASSIGNED LC-TYPE CALL NUMBER (OCLC); LOCAL CALL NUMBER (RLIN)
Classification number (OCLC) (R) ; Classification number, CALL (RLIN) (NR) 343.5950929
Local cutter number (OCLC) ; Book number/undivided call number, CALL (RLIN) MAL
110 1# - MAIN ENTRY--CORPORATE NAME
Corporate name or jurisdiction name as entry element Malaysia
9 (RLIN) 400
245 10 - TITLE STATEMENT
Title Akta Bekalan Elektrik 1990 (Akta 447), Peraturan-Peraturan Elektrik, Akta Bekalan Elektrik (Syarikat Pengganti) 1990 (Akta 448) :
Remainder of title semua pindaan hingga Januari 2016 /
Statement of responsibility, etc. disusun semula oleh Penasihat Undang-Undang MDC
260 ## - PUBLICATION, DISTRIBUTION, ETC.
Place of publication, distribution, etc. Kuala Lumpur :
Name of publisher, distributor, etc. MDC Publishers Printers,
Date of publication, distribution, etc. 2017
300 00 - PHYSICAL DESCRIPTION
Extent vi, 244ms. ;
Dimensions 27 cm
650 #0 - SUBJECT ADDED ENTRY--TOPICAL TERM
Topical term or geographic name entry element Electric utilities
General subdivision Malaysia
Geographic subdivision Law and legislation
9 (RLIN) 9021
650 #0 - SUBJECT ADDED ENTRY--TOPICAL TERM
Topical term or geographic name entry element Electrification
General subdivision Law and legislation
Geographic subdivision Malaysia
9 (RLIN) 9022
710 2# - ADDED ENTRY--CORPORATE NAME
Corporate name or jurisdiction name as entry element Penasihat Undang-Undang MDC
9 (RLIN) 405
942 ## - ADDED ENTRY ELEMENTS (KOHA)
Source of classification or shelving scheme
Koha item type Book
950 ## - LOCAL HOLDINGS (RLIN)
Permanent shelving location, LOC (RLIN) AKMAL
Holdings
Withdrawn status Lost status Source of classification or shelving scheme Damaged status Not for loan Collection code Home library Current library Shelving location Date acquired Inventory number Total Checkouts Full call number Barcode Date last seen Price effective from Koha item type
          NON-FICTION AKMAL Melaka AKMAL Melaka PINJAMAN 31.07.2017 307141   343.5950929 MAL 201707421 31.07.2017 31.07.2017 Book
Pusat Sumber Maklumat Dato' Haji Sarmin Md Hussin, Akademi Kastam Diraja Malaysia, Melaka
Tel: 06-2331106 | Faks: 06-2313787